Statistics for Every 1,000,000+ Northern Chinese City on a Map

Click here to take the quiz!

General Stats

  • This quiz has been taken 302 times
    (242 since last reset)
  • The average score is 15 of 26

Answers on the Map

Answers color-coded by a green-red scale on the quiz's map according to % correct below.
 

Answer Stats

PopulationCity% Correct
20,500,000Beijing
99%
11,200,000Tianjin
92%
5,300,000Harbin
91%
8,400,000Shenyang
85%
5,050,000Dalian
84%
4,375,000Changchun
66%
2,475,000Hohhot
64%
5,550,000Taiyuan
64%
1,570,000Jilin City
61%
5,750,000Shijiazhuang
61%
2,350,000Anshan
56%
2,150,000Baotou
55%
1,030,000Qiqihar
52%
2,600,000Tangshan
52%
2,025,000Baoding
51%
1,820,000Daqing
48%
1,620,000Qinhuangdao
43%
1,380,000Zhangjiakou
42%
1,860,000Datong
41%
2,675,000Handan
41%
1,180,000Chifeng
39%
1,160,000Jinzhou
39%
1,500,000Xingtai
39%
1,010,000Panjin
36%
1,010,000Huludao
33%
1,170,000Changzhi
31%

Score Distribution

Percentile by Number Answered

Percent of People with Each Score

Your Score History

You have not taken this quiz since the last reset